Detroit Become Human - Personnages par images - Statistiques

Statistiques générales
  • Ce quiz a été pris 10 fois
  • Le résultat moyen est 10 sur 16
Statistiques - réponses
Par images Réponse % Correct
Alice
88%
Connor
88%
Hank Anderson
88%
Kara
88%
Markus
75%
Todd Williams
75%
Carl Manfred
63%
Luther
63%
North
63%
Simon
63%
Amanda
50%
Jerry
50%
Josh
50%
Zlatko Andronikov
50%
Gavin Reed
38%
Rose Chapman
38%
Aucun quiz correspondant
Distribution des résultats
% des personnes avec chaque résultat
Percentile par nombre de réponses
Votre historique - résultats
Vous n’avez pas pris ce quiz